000 00316nam a22001457a 4500
008 210527b ||||| |||| 00| 0 eng d
020 _a1593280130
041 _aeng
080 _a316
082 _a316
100 _a50
101 _aSOC
245 _aAnswers to Life's Problems
_cBilly Graham
942 _2udc
_cBK
999 _c57739
_d57739